000 00793nam a22002777a 4500
003 CHAP
005 20220329140724.0
008 971013s r 00010 d
010 _a56560
011 _a57532
035 _a61687
040 _cCHAP
090 _aFolleto 310
245 0 _aZinc in plant and animal life
260 _a(s.l. :
_bs.e.),
_c(s.a.)
300 _a11 p.
_b: ilus.
590 _aBATCH-UPD
_b10
_c20130110
_lUCH01
_h1930
590 _aBATCH-UPD
_b10
_c20130410
_lUCH01
_h1254
590 _aBATCH-UPD
_b10
_c20130914
_lUCH01
_h2112
590 _aCONVERSION
_b10
_c20130109
_lUCH01
_h1330
650 1 4 _aZinc en nutrición animal.
_9124068
650 1 4 _aZinc en plantas.
_9124069
901 _aBK
942 _cFOLL
949 _aFolleto 310
_bBC
_cFOLL
_d-132455
_eTS1
_i61687
_si
999 _c56560
_d56560